<?xml version="1.0" encoding="UTF-8"?>
<record
    xmlns:xsi="http://www.w3.org/2001/XMLSchema-instance"
    xsi:schemaLocation="http://www.loc.gov/MARC21/slim http://www.loc.gov/standards/marcxml/schema/MARC21slim.xsd"
    xmlns="http://www.loc.gov/MARC21/slim">

  <leader>04195pam a2200313 a 4500</leader>
  <controlfield tag="001">1424262</controlfield>
  <controlfield tag="003">OSt</controlfield>
  <controlfield tag="005">20220823114423.0</controlfield>
  <controlfield tag="008">840614s1985    njua          000 0 eng  </controlfield>
  <datafield tag="010" ind1=" " ind2=" ">
    <subfield code="a">772533182</subfield>
  </datafield>
  <datafield tag="020" ind1=" " ind2=" ">
    <subfield code="a">9780321705020</subfield>
  </datafield>
  <datafield tag="020" ind1=" " ind2=" ">
    <subfield code="a">0321705025</subfield>
  </datafield>
  <datafield tag="040" ind1=" " ind2=" ">
    <subfield code="a">DLC</subfield>
    <subfield code="c">LC</subfield>
    <subfield code="d">DLC</subfield>
  </datafield>
  <datafield tag="050" ind1="0" ind2="0">
    <subfield code="a">QD31.2.N33</subfield>
  </datafield>
  <datafield tag="100" ind1="1" ind2=" ">
    <subfield code="a">Nelson, John H.</subfield>
    <subfield code="9">216</subfield>
  </datafield>
  <datafield tag="245" ind1="1" ind2="0">
    <subfield code="a">Laboratory experiments: Chemistry, the central science. /</subfield>
    <subfield code="c">John H. Nelson, Kenneth C. Kemp and Mathew Stoltzfus.</subfield>
  </datafield>
  <datafield tag="250" ind1=" " ind2=" ">
    <subfield code="a">12th ed.</subfield>
  </datafield>
  <datafield tag="260" ind1=" " ind2=" ">
    <subfield code="a">Boston:</subfield>
    <subfield code="b">Prentice-Hall,</subfield>
    <subfield code="c">2012.</subfield>
  </datafield>
  <datafield tag="300" ind1=" " ind2=" ">
    <subfield code="a">1 volume [various pagings]:</subfield>
    <subfield code="b">ill. ;</subfield>
    <subfield code="c">28 cm.</subfield>
  </datafield>
  <datafield tag="505" ind1=" " ind2=" ">
    <subfield code="a">Contents: Basic Laboratory Techniques -- Identification of Substances by Physical Properties -- Separation of the Components of a Mixture -- Chemical Reactions -- Chemical Formulas -- Chemical Reactions of Copper and Percent Yield -- Chemical in Everyday Life: What Are They and How Do We Know? -- Gravimetric Analysis of a Chloride Salt -- Gravimetric Determination of Phosphorus in Plant Food -- Paper Chromatography: Separation of Cations and Dyes -- Molecular Geometries of Covalent Molecules: Lewis Structures and the VSEPR Model -- Atomic Spectra and Atomic Structure --  Behavior of Gases: Molar Mass of a Vapor -- Determination of R: The Gas Law Constant -- Activity Series -- Electrolysis, the Faraday, and Avogadro's Number -- Electrochemical Cells and Thermodynamics -- The Chemistry of Oxygen: Basic and Acidic Oxides and the Periodic Table -- Colligative Properties: Freezing Point Depression and Molar Mass -- Titration of Acids and Bases -- Reactions in Aqueous Solutions: Metathesis Reactions and Net Ionic Equations -- Colorimetric Determination of an Equilibrium Constant in Aqueous Solution -- Chemical Equilibrium: Le Chatelier's Principles -- Hydrolysis of Salts and pH of Buffer Solutions -- Determination of the Dissociation Constant of a Weak Acid -- Titration Curves of Polyprotic Acids -- Determination of the Solubility- Product Constant for a Sparingly Soluble Salt -- Heat of Neutralization -- Rates of Chemical Reactions I: A Clock Reaction -- Rates of Chemical Reactions II: Rate and Order of H2O2 Decomposition -- Introduction to Qualitative Analysis -- Abbreviated Qualitative Analysis Scheme Part I: Chemistry of Group 1 Cations: Pb2+, Ag+, Hg22+ Part II: Chemistry of Group 2 Cations: Pb2+, Cu2+, Bi3+, Sn4+ Part III: Chemistry of Group 3 Cations: Fe3+, Ni2+, Mn2+, Al3+ Part IV: Chemistry of Group 4 Cations: Ba2+, Ca2+, NH4+, Na+ Part V: Chemistry of Anions: SO42-, NO3-, CO32-, Cl-, Br-, I-, CrO42-, PO43-, S2-, SO32- Part VI: Analysis of a Simple Salt -- Colorimetric Determination of Iron --  Solubility and Thermodynamics -- Analysis of Water for Dissolved Oxygen -- Preparation and Reactions of Coordination Compounds: Oxalate Complexes -- Oxidation-Reduction Titrations I: Determination of Oxalate -- Preparation of Sodium Bicarbonate and Sodium Carbonate -- Oxidation-Reduction Titrations II: Analysis of Bleach -- Molecular Geometry: Experience with Models -- Preparation of Aspirin and Oil of Wintergreen -- Analysis of Aspirin -- Crystalline Solids Appendices A. The Laboratory Notebook B. Chemical Arithmetic C. Graphical Interpretation of Data: Calibration Curves and Least-Squares Analysis D. Summary of Solubility Properties of Ions and Solids E. Solubility-Product Constants for Compounds at 25 DegreesC F. Dissociation Constants for Acids at 25 DegreesC G. Dissociation Constants for Bases at 25 DegreesC H. Selected Standard Reduction Potentials at 25 DegreesC I. Spreadsheets J. Qualitative-Analysis Techniques K. Answers to Selected Pre-lab Questions L. Vapor Pressure of Water at Various Temperatures M. Names, Formulas, and Charges of Common Ions N. Some Molar Masses O. Basic SI Units, Some Derived SI Units, and Conversion Factors P. Composition of Commercial Reagent Acids and Bases --</subfield>
  </datafield>
  <datafield tag="650" ind1=" " ind2="0">
    <subfield code="a">Chemistry</subfield>
    <subfield code="9">217</subfield>
  </datafield>
  <datafield tag="650" ind1=" " ind2="0">
    <subfield code="a">Chemistry experiments</subfield>
    <subfield code="9">218</subfield>
  </datafield>
  <datafield tag="650" ind1=" " ind2="0">
    <subfield code="a">Chemistry laboratory manuals</subfield>
    <subfield code="9">219</subfield>
  </datafield>
  <datafield tag="650" ind1=" " ind2="0">
    <subfield code="a">Laboratory manuals</subfield>
    <subfield code="9">220</subfield>
  </datafield>
  <datafield tag="700" ind1="1" ind2=" ">
    <subfield code="a">Kemp, Kenneth C.</subfield>
    <subfield code="9">221</subfield>
  </datafield>
  <datafield tag="700" ind1="1" ind2=" ">
    <subfield code="a">Stoltzfus, Matthew</subfield>
    <subfield code="9">222</subfield>
  </datafield>
  <datafield tag="906" ind1=" " ind2=" ">
    <subfield code="a">7</subfield>
    <subfield code="b">cbc</subfield>
    <subfield code="c">orignew</subfield>
    <subfield code="d">1</subfield>
    <subfield code="e">ocip</subfield>
    <subfield code="f">19</subfield>
    <subfield code="g">y-gencatlg</subfield>
  </datafield>
  <datafield tag="942" ind1=" " ind2=" ">
    <subfield code="2">lcc</subfield>
    <subfield code="c">BK</subfield>
  </datafield>
  <datafield tag="999" ind1=" " ind2=" ">
    <subfield code="c">9162</subfield>
    <subfield code="d">16662</subfield>
  </datafield>
  <datafield tag="952" ind1=" " ind2=" ">
    <subfield code="0">0</subfield>
    <subfield code="1">0</subfield>
    <subfield code="2">lcc</subfield>
    <subfield code="4">0</subfield>
    <subfield code="7">0</subfield>
    <subfield code="a">WIUC-KL</subfield>
    <subfield code="b">WIUC-KL</subfield>
    <subfield code="c">NURS L.</subfield>
    <subfield code="d">2019-11-22</subfield>
    <subfield code="l">0</subfield>
    <subfield code="o">QD31.2.N33(12e)</subfield>
    <subfield code="p">KSN/544/544/19</subfield>
    <subfield code="r">2022-08-23 00:00:00</subfield>
    <subfield code="w">2022-08-23</subfield>
    <subfield code="y">BK</subfield>
  </datafield>
</record>
